| 000 | 00549pam a2200205 a 4500 | ||
|---|---|---|---|
| 020 | _c10325.00 | ||
| 040 | _aMedical College Libr | ||
| 041 |
_aENG _hENG |
||
| 082 |
_a616.2 _bPEA |
||
| 100 | _aPeacock, Andrew J.. | ||
| 245 |
_aPulmonary Circulation Diseases and Their Treatment / _c _hTextual Documents |
||
| 250 |
_a2nd / _b. |
||
| 260 |
_a : _bArnold , _c2004. |
||
| 300 |
_a242 ; _c |
||
| 365 | _a10325.00 | ||
| 653 |
_aTB And Chest _aMedical Science |
||
| 930 | _a7893 | ||
| 999 |
_c7892 _d7892 |
||